000 02423nam a22004214i 4500
001 991061739579806706
003 ES-BaIT
005 20260331125532.0
008 260331s1765 sp 000 d spa c
026 _eu-no eao. asso dela 3 1765 A
_2fei
040 _aES-BaIT
_bcat
_erda
_cES-BaIT
080 _a860-2"17"
100 0 _aNifo y Cagigal, Francisco Mariano,
_d1719-1803
_eautor
_918193
245 1 3 _aEntremes nuevo. La satyra castigada por los saynetes de moda /
_cpor don Francisco Mariano Nipho
246 3 _aLa Satyra castigada por los saynetes de moda
264 1 _aCon licencia en Madrid :
_ben la Imprenta de la Viuda de Manuel Fernandez, se hallarà en el Real almacèn de christales, frente de San Phelipe el Real,
_cAño de 1765
300 _a75 pàgines ;
_c8º (14 cm )
336 _atext
_btxt
_2rdacontent
337 _asense mediació
_bn
_2rdamedia
338 _avolum
_bnc
_2rdacarrier
500 _aPrecedeix el títol: creu de Malta
500 _aEntre el final del títol y la menció de responsabilitat: "Mente savete pari atque aures advertite vestras. Silicus Italicus. lib. 16."
500 _aSignatures: A-B8 (full B8 en blanc)
500 _aP14: D2, H12 i altres
530 _aReproducció digital disponible a Biblioescènic
593 _bVIT-086/01
_cEnquadernació holandesa en color grana, talls acolorits. Exemplar guillotinat. . Etiqueta d'antic topogràfic Vitrina A Estante 2 en full de guarda volant anterior. Manca full B8. Taques d'òxid. Relligat en volum factici, títol al llom: Entremeses / Nipho / 1765.
_fEx-libris de la Colección teatral Arturo Sedó a la contracoberta anterior. Segell de la Colección teatral Arturo Sedó a portada. Procedència: Col·lecció Joaquín Montaner. Llistat manuscrit al full de guarda anterior de les obres que conté el volum
_gExemplar digitalitzat per Crossland, 2022
_hArtur Sedó
650 0 _aEntremesos
_yS. XVIII
_9162695
700 _aViuda de Manuel Fernández,
_dactiva 1751-1779
_eimpressor
_9147240
730 0 _aCol·lecció digital Biblioescènic del MAE
_969172
752 _aEspanya
_dMadrid
856 4 1 _zAccés lliure (Biblioescènic)
_uhttps://books.cdmae.cat/visorpdf/?recurs=SV0086-01
856 4 _zFitxa del catàleg manual
_uhttp://www.cdmae.cat/sedo/imgtitulos/062/P0001488.gif
902 _aPatrimoni
902 _aFons antic
908 _aCDMAE
940 _aCDMAE
942 _2udc
_cDIGITAL
999 _c137337
_d137337